000 00790nam a2200253Ia 4500
003 OSt
005 20220923212527.0
006 a|||||r|||| 00| 0
007 ta
008 220922b |||||||| |||| 00| 0 hin d
024 _a153,796
037 _cTextual
040 _aARTS
_cARTS
_bhin
041 _2hin
_ahin
082 _aO15:gx7,1, 152J2
100 _aविश्वेश्वर
245 0 _aहिन्दी घ्वन्यालोक
246 _aHindī ghvanyāloka
260 _aदिल्ली
_b गौतम बुक डिपो
_c1952
300 _a500पृ.
_ccm.
650 _aहिन्दी साहित्य
_9156264
942 _hO15:gx7,1, 152J2
_cTEXL
_2CC
999 _c309433
_d309433